000 00319nam a2200121Ia 4500
008 230907s9999||||xx |||||||||||||| ||und||
082 _a621.31
_bDIN
100 _aDinçer, İbrahim,
_9114596
245 0 _aAdvanced power generation systems /
260 _aElsevier,
_bNew York :
_c2014
300 _a644 p.
942 _cBK
999 _c599133
_d599133